000 02268cam a22001934a 4500
005 20250605163359.0
008 250528s ||||||||||||||||||||||||d
035 _a17986
020 _a9789606706516
040 _aGR-AtMCL
_bgre
_dGR-AtMCL
_eAACR2
245 1 _aΠρόσκληση στα Μαθηματικά / Οικονομικών και Διοικητικών Επιστημών.
_nΤόμος Α
260 _bΣοφία,
_c2012
300 _a764
520 _aΠρόλογος, Σύνολα και Σχέσεις και Συναρτήσεις, Στοιχεί Θεωρίας Συνόλων και Λογικής, Το Σύστημα των Πραγματικών Αριθμών, Συναρτήσεις, Γραμμικές Συναρτήσεις, Μη Γραμμικές Συναρτήσεις, Εκθετικές και Λογαριθμικές Συναρτήσεις, Περιοδικές Συναρτήσεις, Διαφορικός Λογισμός, Ακολουθίες και Όρια και Σειρές, Όριο και Συνέχεια Συναρτήσεων, Παράγωγος και Ελαστικότητα, Παραγώγιση Συναρτήσεων, Εφαρμογές των Παράγωγων, Μελέτη και Βελτιστοποίηση Συναρτήσεων μιάς Μεταβλητής, Μελέτη και Βελτιστοποίηση Οικονομικών Συναρτήσεων, Ολοκληρωτικός Λογισμός, Ολοκληρώματα, Μέθοδοι Ολοκλήρωσης, Οικονομικές Εφαρμογές Ολοκληρωμάτων, Γραμμική Άλγεβρα Ι, Συστήματα Γραμμικών Εξισώσεων, Διανύσματα, Μήτρες, Η Ορίζουσα και το Ίχνος μιας Μήτρας, Λογισμός Συναρτήσεων Πολλών Μεταβλητών, Συναρτήσεις Πολλών Μεταβλητών και οι Παράγωγοι τους, Εφαρμογές των Μερικών Παράγωγων, Βελτιστοποίηση Πολυμεταβλητών Συναρτήσεων, Παραρτήματα, Βιβλιογραφία.
700 1 _aΛουκάκης Μανώλης
942 _cBK
999 _c3380
_d3380